000 00193 a2200097 4500
020 _a9789580494126
041 _aspa
100 _aNieves luis lopez
245 _aEscribir para rafa
942 _cBK
999 _c10736
_d10736